Normal view
MARC view
Entry Geographic Name
001 - CONTROL NUMBER
- control field: 29371
003 - CONTROL NUMBER IDENTIFIER
- control field: dpl
005 - DATE AND TIME OF LATEST TRANSACTION
- control field: 20110711105705.0
008 - FIXED-LENGTH DATA ELEMENTS
- fixed length control field: 110711|||a|||||| | ||| d
040 ## - CATALOGING SOURCE
- Original cataloging agency: dpl
- Transcribing agency: dpl
151 ## - HEADING--GEOGRAPHIC NAME
- Geographic name: India
- General subdivision: Social life and customs
- Form subdivision: Periodicals.
670 ## - SOURCE DATA FOUND
- Source citation: Work cat.: (dpl)0: Indian folklife :
670 ## - SOURCE DATA FOUND
- Source citation: Work cat.: (dpl)0: Indian folklife :
